|
|
|
|
| LEADER |
00000cam a2200000 a 4500 |
| 001 |
vtls001059620 |
| 003 |
SK-MaSNL |
| 005 |
20260301193243.0 |
| 008 |
240226s1992 xo a frn 001 0 slo |
| 015 |
|
|
|a SNBA1995/1102896
|
| 020 |
|
|
|a 8070992174
|
| 035 |
|
|
|a SNK000002443
|
| 035 |
|
|
|a urn:nbn:sk:snk-amlo30
|
| 035 |
|
|
|a urn:nbn:sk:snk-am00bs6b
|
| 035 |
|
|
|a 13F98176-49BC-4472-8AD8-5D734644D49F
|
| 040 |
|
|
|a SNK
|b slo
|c SNK
|e AACR2
|
| 041 |
0 |
|
|a slo
|
| 044 |
|
|
|a xo
|c SK
|
| 080 |
|
|
|a 519.2(075.8)
|2 1981
|
| 245 |
0 |
0 |
|a Matematika 4
|c V. Penjak ... [et al.]
|
| 260 |
|
|
|a Košice
|b Technická univerzita
|c [1992]
|
| 300 |
|
|
|a 231 s.
|b grafy, sch.
|c 29 cm
|
| 366 |
|
|
|e 200 výtl.
|
| 504 |
|
|
|a Bibliogr. s. 225-226. Register
|
| 650 |
0 |
7 |
|a matematická štatistika
|2 SNKPH
|9 777
|
| 655 |
|
7 |
|a učebnice vysokých škôl
|2 SNKPH
|9 70191
|
| 700 |
1 |
|
|a Penjak, Vladimír,
|d 1943-
|4 aut
|9 85947
|
| 700 |
1 |
|
|a Doboš, Jozef,
|d 1956-
|4 aut
|9 221550
|
| 700 |
1 |
|
|a Heretová, Zuzana,
|d 1946-
|4 aut
|9 194163
|
| 700 |
1 |
|
|a Pavlisková, Anna,
|d 1952-
|4 aut
|9 27729
|
| 700 |
1 |
|
|a Raisová, Helena,
|d 1947-
|4 aut
|9 252429
|
| 919 |
|
|
|a 80-7099-217-4
|
| 958 |
|
|
|a TL
|
| 958 |
|
|
|a UV
|
| 958 |
|
|
|a NB
|
| 999 |
|
|
|c 876501
|d 878431
|
| 952 |
|
|
|t P60, <09>, [BOOK], {629}
|a SNK
|b SNK
|y NEVYP
|7 0
|o snkB 1070
|i snk3550/951024
|0 0
|1 0
|4 0
|d 1995-10-23
|l 0
|r 2004-12-31 00:00:00
|w 2026-02-24
|
| 952 |
|
|
|t P60, <03>, [BOOK], {603}
|a SNK
|b SNK
|y PREZ
|7 0
|p 17A0907080
|o snkSB 54556/4
|i snkKSP 8841/95
|0 0
|1 0
|4 0
|d 1995-10-23
|f 1
|l 0
|r 2025-03-26 00:00:00
|w 2026-02-24
|
| 952 |
|
|
|t P60, <04>, [BOOK], {604}
|a SNK
|b SNK
|y VYP
|7 0
|p 17A0003193
|o snkSB 54556/4 D1
|i snkKSP 8842/95
|0 0
|1 0
|4 0
|d 1995-10-23
|l 0
|r 2004-12-31 00:00:00
|w 2026-02-24
|